| 000 | 09123cam a2201993 a 4500 | ||
|---|---|---|---|
| 999 | _c58970 | ||
| 001 | 8463902 | ||
| 003 | LIBRIS | ||
| 005 | 20220211121623.0 | ||
| 008 | 020703s2002 sw |||||||||||000 0|swe| | ||
| 020 |
_a9144016352 _c399:00 |
||
| 020 |
_a9789144016351 _qtr. |
||
| 035 | _a(Mo)b1493656 | ||
| 040 |
_aNB _ea |
||
| 041 | _aswe | ||
| 082 | 4 |
_a901 _222 |
|
| 084 |
_aK:dd _2kssb/7 |
||
| 084 |
_aK:dd _2kssb/8 |
||
| 245 | 1 | 0 |
_aForma historia : _bmetodövningar / _cGabriela Bjarne Larsson (red.). |
| 264 | 1 |
_aLund : _bStudentlitteratur, _c2002 |
|
| 264 | 3 |
_aLund : _bStudentlitteratur |
|
| 300 |
_a302, [2] s. _bill. _c23 cm |
||
| 500 | _aÄven med tryckår: 2. tr., 2003, 3. tr., 2004; 4. [tr.], 2006, 9. tr., 2010 | ||
| 500 |
_5Li _aPliktex. |
||
| 500 |
_5Mo _asvenska |
||
| 500 |
_5S _aTryckningar finns |
||
| 650 | 7 |
_aKällkritik _0https://id.kb.se/term/sao/K%C3%A4llkritik _2sao |
|
| 650 | 7 |
_aHistorieforskning _xmetodik _0https://id.kb.se/term/sao/Historieforskning--metodik _2sao |
|
| 650 | 4 | _aKällkritik | |
| 650 | 4 | _aMetodik | |
| 650 | 4 | _aHistorieforskning | |
| 650 | 4 | _aHistoria | |
| 653 | _aHistoriska forskningsmetoder | ||
| 653 | _aKällkritik | ||
| 653 | _aHistorieforskning | ||
| 653 | _aHistoria | ||
| 653 | _aMedtodik | ||
| 653 | _aHistoriska forskningsmetoder | ||
| 655 | 4 |
_5Mo _aBok |
|
| 700 | 1 |
_aBjarne Larsson, Gabriela, _d1956- _4edt _0https://libris.kb.se/hftwwm8122kpc5b#it |
|
| 887 |
_a{"@id":"q71z5jd23c01nhd","modified":"2021-09-17T15:42:53.819+02:00"} _2librisxl |
||
| 887 |
_a{"@id":"26c34nn75srwgj3","modified":"2005-06-13T12:53:04+02:00"} _2librisxl |
||
| 887 |
_a{"@id":"48f68cr94ppwlgw","modified":"2021-06-02T17:06:27.967+02:00"} _2librisxl |
||
| 887 |
_a{"@id":"glrg9p4m3zxvdw5","modified":"2003-05-21T14:34:23+02:00"} _2librisxl |
||
| 887 |
_a{"@id":"kpwvzfjq4trmqzc","modified":"2022-02-09T10:52:31.395+01:00"} _2librisxl |
||
| 887 |
_a{"@id":"bgmbzb7h3qn7j2l","modified":"2017-02-07T15:09:11+01:00"} _2librisxl |
||
| 887 |
_a{"@id":"26c2z0170wnqjqb","modified":"2002-12-18T15:40:43+01:00"} _2librisxl |
||
| 887 |
_a{"@id":"x27141130kd32cq","modified":"2004-09-21T13:32:49+02:00"} _2librisxl |
||
| 887 |
_a{"@id":"w174k52220h2g83","modified":"2011-12-07T15:08:39+01:00"} _2librisxl |
||
| 887 |
_a{"@id":"8dmrbsbf2p39sm2","modified":"2017-02-01T15:18:32+01:00"} _2librisxl |
||
| 887 |
_a{"@id":"48f4tr0932ndb5s","modified":"2013-03-19T13:29:05+01:00"} _2librisxl |
||
| 887 |
_a{"@id":"26c3k1871lwdtwv","modified":"2003-06-05T14:22:12+02:00"} _2librisxl |
||
| 887 |
_a{"@id":"9fl91fsg1t3z5wt","modified":"2013-09-13T15:27:18+02:00"} _2librisxl |
||
| 887 |
_a{"@id":"59hhhxfb1cwjmn3","modified":"2015-06-11T12:45:44+02:00"} _2librisxl |
||
| 887 |
_a{"@id":"glrg16qm2182pbk","modified":"2009-04-07T11:44:21+02:00"} _2librisxl |
||
| 887 |
_a{"@id":"jzmw4jkwgvrlk2z1","modified":"2022-02-07T10:45:57.113+01:00"} _2librisxl |
||
| 887 |
_a{"@id":"z38zsrm4512tl1k","modified":"2009-02-24T15:50:09+01:00"} _2librisxl |
||
| 887 |
_a{"@id":"kpvk590q1pszlc7","modified":"2015-06-25T14:44:15+02:00"} _2librisxl |
||
| 887 |
_a{"@id":"37d30ts81rgtcds","modified":"2013-11-26T15:51:13+01:00"} _2librisxl |
||
| 887 |
_a{"@id":"mrxm8mjs1wr60b3","modified":"2013-02-04T10:12:46+01:00"} _2librisxl |
||
| 887 |
_a{"@id":"glrhf7nm5sdzwlz","modified":"2017-10-24T15:26:53+02:00"} _2librisxl |
||
| 887 |
_a{"@id":"bgmb6g7h595j7jq","modified":"2018-01-04T16:07:39+01:00"} _2librisxl |
||
| 887 |
_a{"@id":"v066fbz132kn7ng","modified":"2014-02-24T12:49:01+01:00"} _2librisxl |
||
| 887 |
_a{"@id":"15b11rf65l7jc8h","modified":"2018-01-08T13:14:06+01:00"} _2librisxl |
||
| 887 |
_a{"@id":"hmsh3fkn0ch0x6c","modified":"2002-08-09T10:56:49+02:00"} _2librisxl |
||
| 887 |
_a{"@id":"lqwl5tpr18b13g8","modified":"2002-07-03T13:45:02+02:00"} _2librisxl |
||
| 887 |
_a{"@id":"hmtspscn1x6p9ww","modified":"2011-09-08T11:21:07+02:00"} _2librisxl |
||
| 887 |
_a{"@id":"glrksf0m52htwhp","modified":"2016-10-17T14:25:04+02:00"} _2librisxl |
||
| 887 |
_a{"@id":"w177sfd246wp70n","modified":"2009-03-03T12:28:47+01:00"} _2librisxl |
||
| 887 |
_a{"@id":"qv1q92jw5dn6ndv","modified":"2002-07-04T14:11:08+02:00"} _2librisxl |
||
| 887 |
_a{"@id":"z95w7zvhw6r74mnl","modified":"2021-09-17T18:16:31.973+02:00"} _2librisxl |
||
| 887 |
_a{"@id":"7cj7vfrd28s6t9g","modified":"2015-02-19T13:42:55+01:00"} _2librisxl |
||
| 887 |
_a{"@id":"djpd4z8k3p6t2pd","modified":"2002-10-07T14:26:59+02:00"} _2librisxl |
||
| 887 |
_a{"@id":"sx3sc4lz08ckt0t","modified":"2008-04-28T16:09:33+02:00"} _2librisxl |
||
| 887 |
_a{"@id":"kpvk4wcq3knft2p","modified":"2002-07-04T14:10:44+02:00"} _2librisxl |
||
| 887 |
_a{"@id":"w16wg9j22zs8hcl","modified":"2007-10-19T10:40:23+02:00"} _2librisxl |
||
| 887 |
_a{"@id":"dsx9g849bgwpxxr6","modified":"2021-09-21T10:23:10.123+02:00"} _2librisxl |
||
| 887 |
_a{"@id":"bgmb1xlh36w4220","modified":"2021-09-21T09:54:01.539+02:00"} _2librisxl |
||
| 887 |
_a{"@id":"4k6xnm982m7mplgt","modified":"2022-02-02T15:40:45.499+01:00"} _2librisxl |
||
| 900 | 1 | s |
_6700 _d1956- _uBjarne Larsson, Gabriela, _d1956- |
| 942 |
_2z _cBOOK |
||